The popes at Avignon, 1305-1378 /

محفوظ في:

المؤلف الرئيسي: Mollat, G., 1877-1968 (مؤلف)

مؤلفون آخرون: Love, Janet.

التنسيق: كتاب

اللغة: English

منشور في: London ; New York : T. Nelson, [1963].

الموضوعات:

الوسوم: إضافة وسم

لا توجد وسوم, كن أول من يضع وسما على هذه التسجيلة!

رقم الطلب: BX1300 .M613 1963

LEADER 00816nam a2200253Ii 4500
001 8669
003 OSt
005 20251123102515.0
008 130303s1963 enk b 000 0 eng d
035 |a ocm09484173 
040 |c ARCE Library 
043 |a e-fr--- 
050 4 |a BX1300 .M613 1963 
100 1 |a Mollat, G.,   |q (Guillaume),   |d 1877-1968,   |e author  |9 36114 
245 1 4 |a The popes at Avignon, 1305-1378 /  |c by G. Mollat ; [Translated by Janet Love from the 9th French edition]. 
264 1 |a London ;   |a New York :   |b T. Nelson,   |c [1963]. 
300 |a xxii, 361 pages ;   |c 24 cm. 
504 |a Bibliography: p. x. Bibliographical footnotes. 
650 0 |a Papacy  |x History  |y 1309-1378. 
651 0 |a Avignon (France)  |x History.  |9 16461 
700 1 |a Love, Janet. 
901 |a reviewed 
942 |c BK  |2 lcc 
999 |c 4150  |d 4150